000 00687nam a2200205Ii 4500
003 JO-AjNU
008 230605s9999||||xx |||||||||||||| ||und||
017 _a819
040 _aJO-AjNU
_bara
_erda
_cJO-AjNU
041 _aara
050 1 4 _aQP751.M86 1984
100 3 _a ترجمة الحلبي ، قصي عبدالقادر,
_eauthor
_915028
245 0 0 _aمقدمة في الكيمياء الحياتية لللبيدات
264 3 1 _aالموصل:وزارة التعليم العالي ، 1984
300 _a325ص
336 _atext
_btxt
_2rdacontent
337 _aunmediated
_bn
_2rdamedia
338 _avolume
_bnc
_2rdacarrier
650 4 _aالكيمياء الحيوية
_915029
999 _aA4148
_c7716
_d7716